Capitales avec 4 voyelles différentes - Statistiques

Statistiques générales
  • Ce quiz a été pris 153 fois
    109 depuis la dernière actualisation
  • Le résultat moyen est 10 sur 19
Statistiques - réponses
Afrique % Correct
Buenos Aires
81%
Sri Jayawardenapura Kotte
68%
Port-au-Prince
63%
Andorre-la-Vieille
59%
Reykjavik
59%
Asuncion
58%
Copenhague
56%
Singapour
56%
Tegucigalpa
56%
Yamoussoukro
53%
Abou Dabi
51%
Saint-Domingue
47%
Saint-Georges
46%
Yaoundé
46%
Varsovie
42%
Douchanbé
41%
Beyrouth
39%
Roseau
37%
Niamey
22%
Aucun quiz correspondant
Distribution des résultats
% des personnes avec chaque résultat
Percentile par nombre de réponses
Votre historique - résultats
Vous n’avez pas pris ce quiz depuis la dernière actualisation